00711nam a2200241 a 450000100060000000300090000600500170001500800410003202000180007304000280009104100080011908200160012710000300014324500790017326000500025230000210030249000350032350400280035865000290038665000230041565000180043885200130045625269CO-ViMGA20230915232050.0141112s2004 ck r 000 u spa d a9788483195437 aCO-ViMGAbspacCO-ViMGA aspa04a333.71 G17d1 aGarcía Camarero, Julio.10aEl decrecimiento feliz y el desarrollo humano / cJulio García Camarero. aMadrid : bLos Libros de la Catarata, c2010. a201 p. ; 21 cm. aInvestigación y debate ; 59 aIncluye bibliografía.14aDesarrollo económico. 14aDesarrollo social 14aGlobalizacion 17648, 30